[Event "Dortmund3"]
[Site "Dortmund"]
[Date "2006.05.26"]
[Round "9"]
[White "Dieckmann, Rudolf"]
[Black "Benke, Werner"]
[Result "1/2-1/2"]
[WhiteElo "1592"]
[BlackElo "1552"]
[PlyCount "57"]
[EventDate "2006.04.26"]
[EventType "tourn"]
[EventRounds "11"]
[EventCountry "GER"]
[SourceTitle "EXT 2007"]
[Source "ChessBase"]
[SourceDate "2006.11.23"]
[SourceVersion "1"]
[SourceVersionDate "2006.11.23"]
[SourceQuality "1"]

1. d4 d5 2. c4 c6 3. cxd5 cxd5 4. Nc3 Nf6 5. g3 Nc6 6. Bg2 g6 7. Nf3 Bg7 8. 0-0 0-0 9. Re1 Re8 10. Bf4 Nh5 11. Bg5 h6 12. Bc1 Nf6 13. a3 a6 14. b4 b5 15. Ra2 Bb7 16. Rd2 Qc7 17. Rc2 Qd7 18. Ne5 Qd8 19. Nxd5 Nxd4 20. Nxf6+ Bxf6 21. Nc6 Bxc6 22. Bxc6 Nxc6 23. Rxc6 Kg7 24. Qb3 Qd7 25. Rc5 Red8 26. Be3 Rac8 27. Rxc8 Rxc8 28. Rd1 Qc6 29. Rd6 1/2-1/2

[Event "Dortmund op"]
[Site "Dortmund"]
[Date "2006.03.20"]
[Round "7.23"]
[White "Benke, Werner"]
[Black "Grawe, Herbert"]
[Result "0-1"]
[WhiteElo "1552"]
[BlackElo "1477"]
[PlyCount "75"]
[EventDate "2006.03.06"]
[EventType "swiss"]
[EventRounds "9"]
[EventCountry "GER"]
[SourceTitle "CBM 111 Extra"]
[Source "ChessBase"]
[SourceDate "2006.05.09"]
[SourceVersion "1"]
[SourceVersionDate "2006.05.09"]
[SourceQuality "1"]

1. e4 Nc6 2. Nf3 e5 3. Bc4 h6 4. 0-0 Bc5 5. a3 a6 6. b4 Ba7 7. Bb2 d6 8. h3 Nf6 9. d3 0-0 10. Nc3 Ne7 11. Ne2 Ng6 12. c3 Be6 13. Bb3 Qe7 14. Qc2 Nh5 15. Kh2 Kh7 16. d4 f5 17. Bxe6 Qxe6 18. c4 Nhf4 19. Nxf4 Nxf4 20. exf5 Qxf5 21. Qxf5+ Rxf5 22. Nh4 Rh5 23. g3 Nd3 24. Bc3 exd4 25. Be1 Rf8 26. Rd1 Ne5 27. f4 Nxc4 28. Bf2 c5 29. Rfe1 b5 30. Re7 Bb6 31. bxc5 dxc5 32. Re6 Rf6 33. Rxf6 gxf6 34. Ra1 Rd5 35. Re1 Rd7 36. Re6 d3 37. Rxf6 d2 38. Nf5 0-1

[Event "Dortmund op"]
[Site "Dortmund"]
[Date "2006.03.16"]
[Round "6.17"]
[White "Schultz, Bernfried"]
[Black "Benke, Werner"]
[Result "1-0"]
[WhiteElo "1716"]
[BlackElo "1552"]
[PlyCount "89"]
[EventDate "2006.03.06"]
[EventType "swiss"]
[EventRounds "9"]
[EventCountry "GER"]
[SourceTitle "CBM 111 Extra"]
[Source "ChessBase"]
[SourceDate "2006.05.09"]
[SourceVersion "1"]
[SourceVersionDate "2006.05.09"]
[SourceQuality "1"]

1. e4 c5 2. Nf3 d6 3. d4 cxd4 4. Nxd4 Nf6 5. Nc3 Nc6 6. Be3 e6 7. f3 Be7 8. Qd2 a6 9. g4 Nxd4 10. Bxd4 b5 11. a3 h6 12. h4 Bb7 13. 0-0-0 Qc7 14. Rg1 d5 15. g5 hxg5 16. hxg5 Rh2 17. Qe3 Nh5 18. e5 g6 19. f4 Ng7 20. Bd3 Kd7 21. Bb6 Qc6 22. Rh1 Rah8 23. Rxh2 Rxh2 24. Qg1 Rh8 25. Kb1 Kc8 26. Ba7 Bxa3 27. Nxb5 axb5 28. bxa3 Kc7 29. Ka2 b4 30. Rb1 bxa3 31. Rb3 Ra8 32. Bc5 Ba6 33. Rb6 Qa4 34. Qb1 Ne8 35. Bxa6 Rxa6 36. Rb4 Qc6 37. Rb5 Kd7 38. Rb7+ Kc8 39. Rb8+ Kd7 40. Rb7+ Kc8 41. Rb5 Nc7 42. Rb8+ Kd7 43. Qb4 Ra4 44. Qb6 Rxf4 45. Rd8+ 1-0

[Event "Dortmund op"]
[Site "Dortmund"]
[Date "2006.03.13"]
[Round "4.20"]
[White "Boetzel, Sascha"]
[Black "Benke, Werner"]
[Result "0-1"]
[WhiteElo "1300"]
[BlackElo "1552"]
[PlyCount "61"]
[EventDate "2006.03.06"]
[EventType "swiss"]
[EventRounds "9"]
[EventCountry "GER"]
[SourceTitle "CBM 111 Extra"]
[Source "ChessBase"]
[SourceDate "2006.05.09"]
[SourceVersion "1"]
[SourceVersionDate "2006.05.09"]
[SourceQuality "1"]

1. d4 d5 2. c4 c6 3. Nc3 Nf6 4. Bg5 e6 5. e3 Be7 6. Nf3 Nbd7 7. Bd3 h6 8. Bh4 0-0 9. 0-0 a6 10. cxd5 cxd5 11. Ne5 Nxe5 12. dxe5 Nd7 13. Bxe7 Qxe7 14. f4 f6 15. exf6 Nxf6 16. a4 b6 17. Qf3 Bb7 18. Qe2 Qd6 19. Nd1 Rfe8 20. Bg6 Rec8 21. Nf2 Rc7 22. Rfc1 Rac8 23. Rxc7 Rxc7 24. Nd3 Nd7 25. Rc1 Rxc1+ 26. Nxc1 Qb4 27. b3 Qc3 28. Bc2 a5 29. Qd3 Qe1+ 30. Qf1 Qxe3+ 31. Qf2 0-1

[Event "Dortmund ABC Serie A-24"]
[Site "Dortmund"]
[Date "2005.11.02"]
[Round "5"]
[White "Benke, Werner"]
[Black "Nettbohl, Werner"]
[Result "1/2-1/2"]
[WhiteElo "1563"]
[BlackElo "1638"]
[PlyCount "120"]
[EventDate "2005.10.14"]
[EventType "tourn"]
[EventRounds "11"]
[EventCountry "GER"]
[SourceTitle "EXT 2007"]
[Source "ChessBase"]
[SourceDate "2006.11.23"]
[SourceVersion "1"]
[SourceVersionDate "2006.11.23"]
[SourceQuality "1"]

1. e4 e5 2. Nf3 Nc6 3. d4 exd4 4. Nxd4 Bc5 5. Be3 Qf6 6. c3 d6 7. Bb5 Nge7 8. Nd2 Bd7 9. N2f3 Bb6 10. 0-0 0-0 11. Bg5 Qg6 12. Bxe7 Bh3 13. Nh4 Qxe4 14. Re1 Qf4 15. Bxc6 bxc6 16. Bxf8 Qxh4 17. gxh3 Rxf8 18. Qg4 Qf6 19. Re3 c5 20. Rf3 Qh6 21. Nf5 Qf6 22. Kh1 Kh8 23. Rg1 g6 24. Nh6 Qe7 25. Re3 Qf6 26. Rf3 Qe7 27. c4 d5 28. Qf4 f5 29. Re3 Qg7 30. Qe5 d4 31. Ree1 c6 32. b3 Ba5 33. Re2 d3 34. Re3 d2 35. Rd1 Qxe5 36. Rxe5 Kg7 37. Nxf5+ gxf5 38. Kg2 f4 39. Kf3 Kg6 40. Rxc5 Bb4 41. Rxc6+ Kf5 42. a3 Bc3 43. Rc5+ Ke6 44. Rd5 Rb8 45. b4 Rc8 46. R5xd2 Bxd2 47. Rxd2 Rxc4 48. Rd3 h5 49. Ke2 Ke5 50. Rd7 a6 51. Ra7 Rc2+ 52. Kd3 Rxf2 53. Rxa6 Rxh2 54. Ra5+ Kd6 55. Ke4 Rxh3 56. Ra6+ Kc7 57. Kxf4 Kb7 58. Ra5 h4 59. Kg4 Rh1 60. a4 Kb6 1/2-1/2